00000000cas 2200000zi 4500
0019.500443
003CaOODSP
00520260506135511
006m     o  d f      
007cr cn ||||||||
008150406d19801995qucqr p o    f0    0eng|d
022 |y0821-0012
040 |aCaOODSP|beng|erda|cCaOODSP
0410 |aeng|afre
043 |an-cn---
0861 |aRG36-4-PDF
24500|aInsolvency bulletin / |cissued by the Office of the Superintendent of Bankruptcy = Bulletin sur l'insolvabilité / publié par le Bureau du surintendant des faillites.
24631|aBulletin sur l'insolvabilité
264 1|a[Hull, Québec, Canada] : |bConsumer and Corporate Affairs Canada = Consommation et corporations Canada, |c[1980-1995]
310 |aQuarterly, |b1993-1995
321 |aMonthly, |b1980-1992
336 |atext|btxt|2rdacontent
337 |acomputer|bc|2rdamedia
338 |aonline resource|bcr|2rdacarrier
3621 |aBegan with: October 1980; ceased with: Vol. 15, no. 1 (1st trimester 1995).
500 |aOrder of titles varies.
500 |aImprint varies: Industry and Science Canada, 3rd trimester 1993; Industry Canada, 4th trimester 1993-1st trimester 1995.
500 |aDigitized publication from print (issues for 1980-1991) [produced by Innovation, Science and Economic Development Canada].
515 |aIssues for January 1981-1st trimester 1995 called v. 1, no. 1-v. 15, no. 1.
546 |aText in English and French in parallel columns.
588 |aDescription based on: October 1980; title from PDF cover page.
588 |aLatest issue consulted: Vol. 15, no. 1 (1st trimester 1995).
650 0|aBankruptcy|zCanada|vPeriodicals.
655 7|aPeriodicals|2lcgft
7101 |aCanada. |bOffice of the Superintendent of Bankruptcy, |eissuing body.
7101 |aCanada. |bConsumer and Corporate Affairs Canada.
7101 |aCanada. |bIndustry and Science Canada.
7101 |aCanada. |bIndustry Canada.
7760#|tBulletin sur l'insolvabilité / |w(CaOODSP)9.508649
78500|tInsolvency bulletin |w(CaOODSP)9.505664
788 |tInsolvency bulletin / |efre|w(CaOODSP)9.500444